ABC 2000 thuật ngữ nghe tiếng Anh = English - Vietnamese dictionary of listening

Tallennettuna:
Bibliografiset tiedot
Päätekijä: Trần Chí Thiện
Aineistotyyppi: Kirja
Kieli:Undetermined
Julkaistu: Cà Mau Mũi Cà Mau 1999
Aiheet:
Tagit: Lisää tagi
Ei tageja, Lisää ensimmäinen tagi!
Thư viện lưu trữ: Trung tâm Học liệu Trường Đại học Cần Thơ
LEADER 00589nam a2200193Ia 4500
001 CTU_53447
008 210402s9999 xx 000 0 und d
020 |b 15000 
082 |a 423 
082 |b Th305 
100 |a Trần Chí Thiện 
245 0 |a ABC 2000 thuật ngữ nghe tiếng Anh = English - Vietnamese dictionary of listening 
245 0 |c Trần Chí Thiện 
260 |a Cà Mau 
260 |b Mũi Cà Mau 
260 |c 1999 
650 |a english language 
650 |x dictionaries,vietnamese 
980 |a Trung tâm Học liệu Trường Đại học Cần Thơ